Né à Bruxelles - Statistiques

Statistiques générales
  • Ce quiz a été pris 163 fois
  • Le résultat moyen est 9 sur 20
Statistiques - réponses
Réponse % Correct
Le deuxième roi des Belges et Souverain de l'État indépendant du Congo 1835 Leopold II
92%
Auteur de bande dessinée, "Les Aventures de Tintin" 1907 Hergé
91%
Chanseur, "Alors on danse" "Papaoutai" 1985 Stromae
90%
Chanseur et acteur, "Ne me quitte pas" ""Amsterdam" 1929 Jacques Brel
86%
Roi des Belges depuis 2013 1960 Philippe
80%
Roi des Belges de 1993 à 2013 1934 Albert II.
70%
Auteur de la série de bande dessinée "Le Chat" 1954 Philippe Geluck
66%
Auteur de bande dessinée, "Les Schtroumpfs" 1928 Peyo
62%
Actrice britannique, "Diamants sur canapé" "Vacances romaines" 1929 Audrey Hepburn
42%
Femme d'État et présidente de la Commision européenne 1958 Ursula von der Leyen
39%
Footballeur international belge, Real Sociedad (Manchester United) 1995 Adnan Januzaj
34%
Footballeur international belge, Besiktas Istanbul (Crystal Palace et Chelsea FC) 1993 Michy Batshuayi
33%
Pilote automobile avec succès en Formule 1, "Monsieur Le Mans" 1945 Jacky Ickx
30%
Réalisatrice, "Cléo de 5 à 7" "Le Bonheur" 1928 Agnès Varda
26%
Auteur de bande dessinée, "Blake et Mortimer" 1904 Edgar P. Jacobs
18%
DJ, "Are you with Me" "Reality" 1993 Lost Frequencies
18%
Director, "Jeanne Dielman, 23 quai du Commerce, 1080 Bruxelles" 1950 Chantal Akerman
12%
Acteur, "Le Pacte des loups" "La Promesse" 1981 Jérémie Renier
9%
Président du Bureau international de la paix, il recoit le prix Nobel de la paix en 1913 1854 Henri La Fontaine
5%
Président du Comité international olympique de 1925 à 1942 1876 Henri de Baillet-Latour
3%
Aucun quiz correspondant
Distribution des résultats
% des personnes avec chaque résultat
Percentile par nombre de réponses
Votre historique - résultats
Vous n’avez pas pris ce quiz